Renaissance Paintings and their Artists - Statistics

General Stats
  • This quiz has been taken 477 times
  • The average score is 12 of 54
Answer Stats
Hint Answer % Correct
The Last Judgement, Sistine Chapel Michelangelo
86%
Ceiling of the Sistine Chapel Michelangelo
86%
Last Supper Leonardo Da Vinci
82%
Mona Lisa Leonardo Da Vinci
82%
Virgin of the Rocks Leonardo Da Vinci
82%
Primavera Botticelli
60%
Birth of Venus Botticelli
60%
Madonna of the Magnificat Botticelli
60%
Adoration of the Magi (c.1575-6) Botticelli
60%
Lamentation over the Dead Christ Botticelli
60%
Ghent Altarpiece Jan Van Eyck
38%
The Madonna of Chancellor Nicholas Rolin Jan Van Eyck
38%
Man in a Red Chaperone Jan Van Eyck
38%
The Arnolfini Portrait Jan Van Eyck
38%
Envy Giotto
27%
The Arrest of Christ (Kiss of Judas) Giotto
27%
The Last Judgement Giotto
27%
Lamentation over the Dead Christ Giotto
27%
Self Portrait in pose of Salvator Mundi Dürer
18%
Self Portrait, Nude Dürer
18%
Garden of Earthly Delights Hieronymus Bosch
12%
Christ Carrying the Cross Hieronymus Bosch
12%
Christ Mocked Hieronymus Bosch
12%
Crucifixion with Mary, Mary Magdalen and St Dominic Fra Angelico
11%
San Marco Altarpiece Fra Angelico
11%
Diptych with Portraits of Battista Sforza and Federico da Montefeltro Piero Della Francesca
8%
Madonna and Child with Saints, Angels and Federico da Montefeltro (Montefeltro Altarpiece), Piero Della Francesca
8%
Baptism of Christ Piero Della Francesca
8%
Madonna and Child with Saints Dominic and Aurea Duccio
7%
Entry into Jerusalem Duccio
7%
Christ Healing the Blind Man Duccio
7%
Fall of Icarus Pieter Bruegel
6%
Fall of the Rebel Angels (1562) Pieter Bruegel
6%
The Hunters in the Snow Pieter Bruegel
6%
Last Judgement Polyptych Rogier Van Der Weyden
4%
Crucifixion with Saints Mary Magdalene, Veronica and 2 Donors Rogier Van Der Weyden
4%
The Virgin and Child (c.1430) Robert Campin
3%
St Louis of Toulouse Simone Martini
3%
Allegory of Good Government Ambrogio Lorenzetti
2%
The Portinari Altarpiece Hugo Van Der Goes
2%
The Judgement of Cambyses and the Flaying of Sisamnes Gerard David
1%
The Virgin and Child (c.1450) Jean Fouquet
1%
Feasting (calendar: January), from the Très Riches Heures de Jan duc de Berry Limburg Brothers
1%
Isenheim Altarpiece Mathias Grünewald
1%
Saint Eloy in his Shop Petrus Christus
1%
Table of Classical Orders from Regole Generali di Architettura Sebastiano Serlio
1%
Nativity Altar Anonymous
0%
Fall of the Rebel Angels (1554) Frans Floris
0%
Gothic Letters fom a Model Book Giovanni de' Grassi
0%
Presentation of Christ in the Temple Giovanni del Biondo
0%
Landscape with Saint Jerome Joachim Patinir
0%
The Merode Altarpiece Master of the Merode
0%
Strozzi Altarpiece Orcagna
0%
Presentation of the Virgin in the Temple Orcagna
0%
No matching quizzes found
Score Distribution
Percent of People with Each Score
Percentile by Number Answered
Your Score History
You have not taken this quiz